Central Library OPAC University of Rajshahi

Teach yourself cycling / (Record no. 16491)

MARC details
000 -LEADER
fixed length control field 00707cam a2200241u 4500
001 - CONTROL NUMBER
control field 16491
003 - CONTROL NUMBER IDENTIFIER
rucl marc code BD-RjUL
005 - DATE AND TIME OF LATEST TRANSACTION
control field 20211209000021.0
008 - FIXED-LENGTH DATA ELEMENTS--GENERAL INFORMATION
fixed length control field 140213r19671953enka 001 0 eng d
035 ## - SYSTEM CONTROL NUMBER
System control number (BD-RjUL)16546
040 ## - CATALOGING SOURCE
Original cataloging agency DLC
Transcribing agency CarP
Modifying agency DLC
-- BD-RjUL
Language of cataloging eng
041 ## - LANGUAGE CODE
Language code of text/sound track or separate title eng
082 00 - DEWEY DECIMAL CLASSIFICATION NUMBER
Classification number 796.6
Author mark and year SHT 1967
100 1# - MAIN ENTRY--PERSONAL NAME
Personal name Shaw, Reginald Cairns,
Dates associated with a name 1906- [from old catalog]
9 (RLIN) 50972
245 10 - TITLE STATEMENT
Title Teach yourself cycling /
Statement of responsibility, etc. Reginald Cairns, Shaw
260 ## - PUBLICATION, DISTRIBUTION, ETC. (IMPRINT)
Place of publication, distribution, etc. London :
Name of publisher, distributor, etc. English Universities Press,
Date of publication, distribution, etc. 1953 [Imprission 1967]
300 ## - PHYSICAL DESCRIPTION
Pagination 160 p. :
Illustrations illus. ;
Size 18 cm.
504 ## - BIBLIOGRAPHY, ETC. NOTE
Bibliography, etc Includes Index
650 #0 - SUBJECT ADDED ENTRY--TOPICAL TERM
Topical term or geographic name as entry element Cycling.
9 (RLIN) 50973
942 ## - ADDED ENTRY ELEMENTS (KOHA)
Source of classification or shelving scheme Dewey Decimal Classification
Koha item type Books
Holdings
Lost status Source of classification or shelving scheme Damaged status Not for loan Collection code Permanent Location Current Location Shelving location Date acquired Source of acquisition Cost, normal purchase price Total Checkouts Full call number Date last seen Copy number Koha item type
  Dewey Decimal Classification   Not For Loan Non-fiction Central Library, University of Rajshahi Central Library, University of Rajshahi Reading Room 20/10/1970 Zeithlinger. 30.00   796.6 SHT 1967 13/02/2014 C-1 Books